书目信息 |
| 题名: |
美国签证技巧和实例
|
|
| 作者: | Beaubien , 张超 著 | |
| 分册: | ||
| 出版信息: | 海口 南海出版公司 2000.01 |
|
| 页数: | 276页 | |
| 开本: | 26cm | |
| 丛书名: | ||
| 单 册: | ||
| 中图分类: | D771.235 | |
| 科图分类: | ||
| 主题词: | 出入境管理--美国 | |
| 电子资源: | ||
| ISBN: | 7-5442-1491-5 | |
| 000 | 01028nam0 2200265 45 | |
| 001 | 012000048203 | |
| 005 | 20070612150809.60 | |
| 010 | @a7-5442-1491-5@dCNY39.00 | |
| 035 | @a(011001)c2000027145 | |
| 100 | @a20001030d2000 em y0chiy0120 ea | |
| 101 | 0 | @achi@aeng |
| 102 | @aCN@b460000 | |
| 105 | @ay z 000yy | |
| 200 | 1 | @a美国签证技巧和实例@AMei Guo Qian Zheng Ji Qiao He Shi Li@dAmerican Visa Application Tactics & Examples@f(美)Richard Beaubien,张超著@F( Mei )Richard Beaubien, Zhang Chao Zhu@zeng |
| 210 | @a海口@c南海出版公司@d2000.01 | |
| 215 | @a276页@d26cm | |
| 330 | @a本书作者在中国大陆第一次提出签证面试CCC原则,全面地对留学、探亲和商务等签证类型加以系统阐述。同时精选了近50个有代表性的范例,结合实践进行具体分析指导。 | |
| 510 | 1 | @aAmerican Visa Application Tactics & Examples@zeng |
| 606 | 0 | @a出入境管理@y美国 |
| 690 | @aD771.235@v4 | |
| 701 | 1 | @aBeaubien@bRichard@4著 |
| 701 | 0 | @a张超@AZhang Chao@4著 |
| 801 | 0 | @aCN@bNLC@c20070612 |
| 905 | @aBZT@dD771.235@e1 | |
| 906 | @dCNY39.00@n0@r1 | |
| 美国签证技巧和实例=American Visa Application Tactics & Examples/(美)Richard Beaubien,张超著.-海口:南海出版公司,2000.01 |
| 276页;26cm |
| ISBN 7-5442-1491-5:CNY39.00 |
| 本书作者在中国大陆第一次提出签证面试CCC原则,全面地对留学、探亲和商务等签证类型加以系统阐述。同时精选了近50个有代表性的范例,结合实践进行具体分析指导。 |
| ● |
| 相关链接 |
|
|
|
正题名:美国签证技巧和实例
索取号:D771.235/1
 
预约/预借
| 序号 | 登录号 | 条形码 | 馆藏地/架位号 | 状态 | 备注 |
| 1 | 553512 | 230139314 | 中心书库南/012架A面7层2列/ [索取号:D771.235/1] | 在馆 | |
| 2 | 553513 | 230139315 | 中心书库南/012架A面7层2列/ [索取号:D771.235/1] | 在馆 | |
| 3 | 553514 | 230139317 | 中心书库南/012架A面7层2列/ [索取号:D771.235/1] | 在馆 | |
| 4 | 553515 | 230139316 | 中心书库南/012架A面7层2列/ [索取号:D771.235/1] | 在馆 | |
| 5 | 553516 | 230139313 | 中心书库南/012架A面7层2列/ [索取号:D771.235/1] | 在馆 |